cycling monuments 2024 - Top 5 - Statistieken

Algemene statistieken
  • Deze quiz is 47 keer genomen
  • De gemiddelde score is 14 van 25
Antwoordstatistieken
Milano-sanremo % Correct
1 Mathieu Van der Poel
100%
1 Mathieu Van der Poel
100%
3 Mathieu Van der Poel
100%
3 tadej pogacar
100%
1 Tadej Pogacar
100%
1 Tadej Pogacar
100%
2 Remco Evenepoel
85%
1 jasper philipsen
82%
2 Jasper Philipsen
82%
4 mads pedersen
73%
3 Mads Pedersen
73%
2 michael matthews
55%
2 Romain Bardet
42%
5 Stefan Küng
33%
5 Antonio Morgado
30%
4 Maxim Van Gils
30%
2 Luca-Mozzato
27%
3 Nils Politt
27%
4 Nils Politt
27%
5 alberto bettiol
24%
3 Giullio Ciccone
24%
4 Mikel Bjerg
15%
5 Pavel Sivakov
12%
5 Aurélien Paret-Peintre
9%
4 Ion Izagirre
9%
Geen overeenkomende quizzen gevonden
Scoreverdeling
Procent van Mensen met Elke Score
Percentiel versus Aantal Correcte Antwoorden
Uw Scoregeschiedenis
U heeft deze quiz nog niet genomen